Domáce recepty proti rôznym chorobám receptúry z babičkinej truhlice

Bibliographic Details
Main Author: Au, Franziska von, 1954- (Author)
Other Authors: Scholzová, Sylvia (prekladateľka) (Translator)
Format: Book
Language:Slovak
German
PhysicalDescription:272 s. ilustr. 23 cm
Published: Bratislava Ikar 2006
ISBN:8055112843
Edition:2. vyd.
Series:Pre zdravie
Subjects:

MARC

LEADER 00000nam a2200000 a 4500
001 vtls008839818
003 SK-MaSNL
005 20260301080234.0
008 251031s2006 xo a g 001 0 slo
015 |a SNBA2007/05-02036 
020 |a 8055112843  |q (viaz.) 
035 |a BD5F0EF2-9AE2-47BE-8D57-AB93F2877DD3 
035 |a urn:nbn:sk:snk-amldyi 
035 |a urn:nbn:sk:snk-am008zlb 
040 |a SNK  |b slo  |c SNK  |e AACR2 
041 1 |a slo  |h ger 
044 |a xo  |c SK 
072 7 |a 615.8  |x Fyzioterapia. Psychoterapia. Alternatívna medicína  |2 konspekt 
080 |a 615.83+615.89  |2 2001 
080 |a 633.88  |2 2001 
080 |a 615.89:633.88  |2 2001 
080 |a 613.3  |2 2001 
080 |a (035)  |2 2001 
100 1 |a Au, Franziska von,  |d 1954-  |4 aut  |9 89949 
240 1 0 |a Hausrezepte gegen alle Krankheiten  |l Slovensky 
245 1 0 |a Domáce recepty proti rôznym chorobám  |b receptúry z babičkinej truhlice  |c Francziska von Au ; [z nemeckého originálu preložila Sylvia Scholzová] 
250 |a 2. vyd. 
260 |a Bratislava  |b Ikar  |c 2006 
300 |a 272 s.  |b ilustr.  |c 23 cm 
490 1 |a Pre zdravie 
504 |a Reg. slov. a lat. náz. 
650 0 7 |a prírodné liečiteľstvo  |2 SNKPH  |9 4388 
650 0 7 |a liečivé rastliny  |2 SNKPH  |9 3510 
650 0 7 |a fytoterapia  |2 SNKPH  |9 1147 
650 0 7 |a liečivé nápoje  |2 SNKPH  |9 88005 
655 7 |a príručky  |2 SNKPH  |9 74364 
700 1 |a Scholzová, Sylvia  |c (prekladateľka)  |4 trl  |9 185868 
830 0 |a Pre zdravie  |9 401590 
919 |a 80-551-1284-3 
958 |a OP 
958 |a MI 
958 |a OND 
968 |b DT  |d 61 
999 |c 652688  |d 654618 
952 |a SNK  |b SNK  |y PREZ  |7 0  |p 17A0518693  |o snkSC 124543  |i snk2006/16271  |8 0  |0 0  |1 0  |4 0  |d 2006-08-17  |f 1  |l 0  |r 2025-06-06 00:00:00  |w 2026-02-23 
952 |a SNK  |b SNK  |y VYP  |7 0  |p 17A0531522  |o snkSC 124543 D1  |i snk2006/25942  |8 0  |0 0  |1 0  |4 0  |d 2006-12-12  |l 0  |r 2026-02-23 18:26:49  |w 2026-02-23